Online
Catalog

Diccionario minero : (Record no. 5389)

MARC details
000 -CABECERA
campo de control de longitud fija 00763nam a2200217 a 4500
001 - NÚMERO DE CONTROL
campo de control 000005590
005 - FECHA Y HORA DE LA ÚLTIMA TRANSACCIÓN
campo de control 20200929151723.0
008 - DATOS DE LONGITUD FIJA--INFORMACIÓN GENERAL
campo de control de longitud fija 090820s1995 sp a 000 spa d
020 ## - NÚMERO INTERNACIONAL ESTÁNDAR DEL LIBRO
Número Internacional Estándar del Libro 8400075455
040 ## - FUENTE DE LA CATALOGACIÓN
Centro catalogador/agencia de origen DO-SdBNP
082 ## - NÚMERO DE LA CLASIFICACIÓN DECIMAL DEWEY
Número de clasificación 622
Número de documento/Ítem A454d
049 ## - FONDOS LOCALES (OCLC)
Fondos de biblioteca BNPD
100 1# - ENTRADA PRINCIPAL--NOMBRE DE PERSONA
Nombre de persona Alonso, Ricardo N.
9 (RLIN) 15781
245 10 - MENCIÓN DE TÍTULO
Título Diccionario minero :
Resto del título Glosario de voces utilizadas por los mineros de Iberoamérica /
Mención de responsabilidad, etc. Ricardo N. Alonso.
260 ## - PUBLICACIÓN, DISTRIBUCIÓN, ETC.
Lugar de publicación, distribución, etc. Madrid, :
Nombre del editor, distribuidor, etc. Museo Nacional de Ciencias Naturales, Consejo Superior de Investigaciones Científicas,
Fecha de publicación, distribución, etc. 1995.
300 ## - DESCRIPCIÓN FÍSICA
Extensión 263 p. :
Otras características físicas il ;
Dimensiones 24 cm.
490 1# - MENCIÓN DE SERIE
Mención de serie Monografías
500 ## - NOTA GENERAL
Nota general Incluye referencias bibliograficas
650 #4 - PUNTO DE ACCESO ADICIONAL DE MATERIA--TÉRMINO DE MATERIA
Término de materia o nombre geográfico como elemento de entrada Mineria
Subdivisión geográfica América Española
Subdivisión general Diccionarios
9 (RLIN) 15782
830 #0 - PUNTO DE ACCESO ADICIONAL DE SERIE-TÍTULO UNIFORME
Título uniforme Monografías
9 (RLIN) 15334
Holdings
Estado de retiro Estado de pérdida Restricciones de uso No para préstamo Código de colección Localización permanente Ubicación/localización actual Ubicación en estantería Fecha de adquisición Número de inventario Total de préstamos Signatura topográfica completa Código de barras Fecha visto por última vez Precio válido a partir de Tipo de ítem Koha
      Excluido de préstamo Monografías: Libros y Folletos General General En catalogación 20.08.2009 LF1   622 A454d 5590-10 25.06.2020 25.06.2020 No se presta

Powered by Koha